Galig tikkina tudar (Record no. 214734)
[ view plain ]
| 000 -LEADER | |
|---|---|
| fixed length control field | 00722nam a2200217Ia 4500 |
| 003 - CONTROL NUMBER IDENTIFIER | |
| control field | OSt |
| 005 - DATE AND TIME OF LATEST TRANSACTION | |
| control field | 20250916122436.0 |
| 008 - FIXED-LENGTH DATA ELEMENTS--GENERAL INFORMATION | |
| fixed length control field | 210719s1977 xx 000 0 und d |
| 040 ## - CATALOGING SOURCE | |
| Transcribing agency | AL |
| 041 ## - LANGUAGE CODE | |
| Language code of text/sound track or separate title | Tulu |
| 082 ## - DEWEY DECIMAL CLASSIFICATION NUMBER | |
| Classification number | T894.2 SANG |
| 100 ## - MAIN ENTRY--PERSONAL NAME | |
| Personal name | SANJIVA (A) |
| Dates associated with a name | ಸಂಜೀವ (ಎ) |
| 9 (RLIN) | 238764 |
| 245 ## - TITLE STATEMENT | |
| Title | Galig tikkina tudar |
| Remainder of title | ಗಾಳಿಗ್ ತಿಕ್ಕಿನ ತುಡರ್ |
| 260 ## - PUBLICATION, DISTRIBUTION, ETC. | |
| Place of publication, distribution, etc. | Mangaluru |
| Date of publication, distribution, etc. | 1977 |
| 300 ## - PHYSICAL DESCRIPTION | |
| Extent | 75 |
| Other physical details | PB |
| 365 ## - TRADE PRICE | |
| Price amount | 2.5 |
| Currency code | Rs |
| 650 ## - SUBJECT ADDED ENTRY--TOPICAL TERM | |
| Topical term or geographic name entry element | samsarika Tulu samajika nataka : ಸಂಸಾರಿಕ ತುಳು ಸಾಮಾಜಿಕ ನಾಟಕ |
| 9 (RLIN) | 238765 |
| 650 ## - SUBJECT ADDED ENTRY--TOPICAL TERM | |
| Topical term or geographic name entry element | Tulu Drama |
| 9 (RLIN) | 238766 |
| 906 ## - LOCAL DATA ELEMENT F, LDF (RLIN) | |
| a | Galig ; nataka ; samajika ; samsarika ; tikkina ; tudar: ; tulu |
| 942 ## - ADDED ENTRY ELEMENTS (KOHA) | |
| Source of classification or shelving scheme | Dewey Decimal Classification |
| Koha item type | Book |
| Withdrawn status | Lost status | Source of classification or shelving scheme | Damaged status | Not for loan | Collection code | Home library | Current library | Shelving location | Date acquired | Cost, normal purchase price | Total Checkouts | Full call number | Barcode | Date last seen | Price effective from | Koha item type | Public note |
|---|---|---|---|---|---|---|---|---|---|---|---|---|---|---|---|---|---|
| Dewey Decimal Classification | Tulu | St Aloysius Library | St Aloysius Library | Secondary stack section | 05/29/2008 | 2.50 | T894.2 SANG | D03348 | 07/19/2021 | 07/19/2021 | Donated Books | Donated by Dr Mahalinga Bhat |